000 00502nam a2200169 i 4500
001 63591
003 ES-MaACL
007 t|
008 031212s1986 sp ||||1| spa d
020 _a84-7114-161-2
100 1 _aFerruzzi, Carlo.
_950606
245 1 0 _aManual de lombricultura /
_cCarlo Ferruzzi ; versión española, Carlos Buxada.
260 _aMadrid :
_bMundi-Prensa,
_c1986.
300 _a138 p. :
_bil. ;
_c26 cm.
700 1 _aBuxade, Carlos.
_932981
852 _aES-MaACL
_jL-9770
_bR.111933
999 _c63591
_d63591